02239nam a2200505 i 450000100060000000300020000600500170000800600190002500700150004400800410005902000280010003500220012804000310015005000240018108000150020508200150022010000490023524502820028426400460056630000730061233600310068533700330071633800430074950400620079258800830085459001620093765000300109965000430112965000420117265000380121465000440125265000380129665000370133465500270137170000260139870000410142470000380146570000360150370000390153970000460157879700180162485600630164294200110170599900170171675899020241217151241.0m o u cr cn|||||||||220705s2020 cl b ob 000 0 spa d a9789560108654q(e-book) a(OCoLC)1336967155 aFINmELBbspaerdacFINmELB 4aHE555.C5bA437 2020 a626/627.0804a387.102231 aAlarcón Rodríguez, Mabel Loreto,eautor.10aInnovación social en ciudades portuarias de Chile :bde la logística a la articulación territorial en la región del Biobío /cMabel Alarcón R., Sergio Toro M., Hernán Cuevas V., Violeta Montero B., Claudia García L., Alejandro Tudela R., Verónica Alarcón G. 1aSantiago de Chile :bRIL editores,c2020. a1 recurso en línea (174 páginas) :bgráficos, mapas de colores atextobtxt2rdacontent/spa acomputadorabc2rdamedia/spa arecurso en líneabcr2rdacarrier/spa aIncluye referencias bibliográficas (páginas 169-174). aDescripción basada en metadatos suministrados por el editor y otras fuentes. aRecurso electrónico. Santa Fe, Arg.: elibro, 2022. Disponible vía World Wide Web. El acceso puede estar limitado para las bibliotecas afiliadas a elibro. 4aDesarrollo urbanoyChile. 0aUrbanizationzChilezBiobío (Region) 0aPort citieszChilezBiobío (Region) 0aHarborszChilezBiobío (Region) 0aCity planningzChilezBiobío (Region) 4aPuertosyChilexAdministración. 4aPuertosyChileyOctava región. 4aLibros electrónicos.1 aToro, Sergio,eautor.1 aCuevas Valenzuela, Hernán,eautor.1 aMontero Barriga, Violeta,eautor.1 aGarcía Lima, Claudia,eautor.1 aTudela Román, Alejandro,eautor.1 aAlarcón González, Verónica,eautor.2 aelibro, Corp.40uhttps://elibro.net/ereader/politecnicointernacional/189487 cLIBROS c75899d75899